MARC

LEADER 00000nam0a2200000 4500
001 91576
005 20231031104139.0
020 |a RU  |b 85-69688 
035 |a (RuTPU)RU\TPU\book\98165 
090 |a 91576 
100 |a 20060227d1985 k y0rusy5003 ca 
101 0 |a rus 
102 |a RU 
105 |a a z 001zy 
200 1 |a Электропроводность огнеупорных материалов  |f Л. М. Демиденко, Ю. А. Полонский 
210 |a Москва  |c Металлургия  |d 1985 
215 |a 121 с.  |c ил. 
320 |a Библиогр.: с. 115-119 
610 1 |a огнеупоры 
610 1 |a электропроводность 
610 1 |a огнеупорные материалы 
610 1 |a кристаллические решетки 
610 1 |a дефекты 
610 1 |a диффузия 
675 |a 666.76  |z rus 
700 1 |a Демиденко  |b Л. М.  |g Леонид Михайлович  |4 070 
701 1 |a Полонский  |b Ю. А.  |g Юрий Александрович  |4 070 
801 0 |a RU  |b RuMRKP  |c 19950704  |g psbo 
801 1 |a RU  |b 63413507  |c 20060227  |g PSBO 
801 2 |a RU  |b 63413507  |c 20060306  |g PSBO 
942 |c BK